A supply chain logistics program for warehouse management / (Record no. 3010)
[ view plain ]
| 000 -LEADER | |
|---|---|
| fixed length control field | 02404cam a2200301Ii 4500 |
| 008 - FIXED-LENGTH DATA ELEMENTS--GENERAL INFORMATION | |
| fixed length control field | 180331s2008 nyu o 001 0 eng d |
| 020 ## - INTERNATIONAL STANDARD BOOK NUMBER | |
| International Standard Book Number | 9780849305801 |
| Qualifying information | (e-book : PDF) |
| 020 ## - INTERNATIONAL STANDARD BOOK NUMBER | |
| Qualifying information | (hardback) |
| 040 ## - CATALOGING SOURCE | |
| Original cataloging agency | IMU Kochi Library |
| Language of cataloging | eng |
| 041 0# - LANGUAGE CODE | |
| Language code of text/sound track or separate title | eng |
| 082 04 - DEWEY DECIMAL CLASSIFICATION NUMBER | |
| Classification number | 658.785 |
| Item number | M954 |
| 100 1# - MAIN ENTRY--PERSONAL NAME | |
| Personal name | Mulcahy, David E., |
| 245 12 - TITLE STATEMENT | |
| Title | A supply chain logistics program for warehouse management / |
| 300 ## - PHYSICAL DESCRIPTION | |
| Extent | 1 online resource (552 pages) |
| 505 0# - FORMATTED CONTENTS NOTE | |
| Formatted contents note | Supply chain logistics segment or warehouse operation with a WMS program considerations -- Understanding your existing supply chain logistics segment or warehouse operation -- A company supply chain logistics or warehouse operation interaction and interface with a WMS program -- Warehouse operation receiving activities with a WMS program -- Warehouse operation in-house transport concept with a WMS program -- Warehouse operation storage concept with a WMS program -- Warehouse operation pick line position set-up and replenishment with a WMS program -- Warehouse operation customer ordered wms identified sku order fulfillment or pick activity with a WMS program -- Warehouse operation batched customer order picked WMS identified sku sort concept with a WMS program -- Warehouse operation customer order picked WMS identified sku -- Quantity and quality check and pack activities with a WMS program -- WMS identified customer order warehouse operation manifest, ship, sort and load activities with a WMS program -- WMS identified customer order returns process and disposition and trash removal warehouse operation activities with a WMS program -- Across-the-dock, pre-pack and value added, non-customer order bonded storage/pick and advance sales warehouse operation activities with a WMS program -- Warehouse operation with a WMS program project management interface and integration in an existing or in a new construction. |
| 650 #0 - SUBJECT ADDED ENTRY--TOPICAL TERM | |
| Topical term or geographic name as entry element | Warehouses |
| General subdivision | Management. |
| 650 #0 - SUBJECT ADDED ENTRY--TOPICAL TERM | |
| Topical term or geographic name as entry element | Physical distribution of goods |
| General subdivision | Management. |
| 650 #0 - SUBJECT ADDED ENTRY--TOPICAL TERM | |
| Topical term or geographic name as entry element | Business logistics. |
| 650 #0 - SUBJECT ADDED ENTRY--TOPICAL TERM | |
| Topical term or geographic name as entry element | Materials handling. |
| 700 1# - ADDED ENTRY--PERSONAL NAME | |
| Personal name | Sydow, Joachim. |
| 856 40 - ELECTRONIC LOCATION AND ACCESS | |
| Uniform Resource Identifier | <a href="https://www.taylorfrancis.com/books/9780849305801">https://www.taylorfrancis.com/books/9780849305801</a> |
| Public note | Click here to view. |
| 904 ## - LOCAL DATA ELEMENT D, LDD (RLIN) | |
| CATALOGER | Rudra Ranjan |
| 905 ## - LOCAL DATA ELEMENT E, LDE (RLIN) | |
| VERIFIER | Rudra Ranjan |
| 942 ## - ADDED ENTRY ELEMENTS (KOHA) | |
| Item type | E-Book |
| 264 #1 - | |
| -- | New York : |
| -- | Auerbach Publications, |
| -- | 2008. |
No items available.